Journal of management and research (Record no. 523478)
[ view plain ]
| 000 -LEADER | |
|---|---|
| fixed length control field | 00392nam a22001577a 4500 |
| 005 - DATE AND TIME OF LATEST TRANSACTION | |
| control field | 20190325061604.0 |
| 008 - FIXED-LENGTH DATA ELEMENTS--GENERAL INFORMATION | |
| fixed length control field | 190325b ||||| |||| 00| 0 eng d |
| 022 ## - INTERNATIONAL STANDARD SERIAL NUMBER | |
| International Standard Serial Number | 2218-2705 |
| 040 ## - CATALOGING SOURCE | |
| Transcribing agency | NUST |
| 082 ## - DEWEY DECIMAL CLASSIFICATION NUMBER | |
| Classification number | 658 |
| 110 ## - MAIN ENTRY--CORPORATE NAME | |
| Corporate name or jurisdiction name as entry element | School of Business and Economics |
| 9 (RLIN) | 13918 |
| 245 ## - TITLE STATEMENT | |
| Title | Journal of management and research |
| 260 ## - PUBLICATION, DISTRIBUTION, ETC. | |
| Place of publication, distribution, etc. | Lahore |
| Date of publication, distribution, etc. | 1/3/2014 |
| 300 ## - PHYSICAL DESCRIPTION | |
| Extent | 22 cm |
| 942 ## - ADDED ENTRY ELEMENTS (KOHA) | |
| Koha item type | Continuing Resources |
| Source of classification or shelving scheme | |
| Withdrawn status | Lost status | Damaged status | Not for loan | Permanent Location | Current Location | Shelving location | Date acquired | Total Checkouts | Full call number | Barcode | Date last seen | Koha item type | Source of classification or shelving scheme | Price effective from |
|---|---|---|---|---|---|---|---|---|---|---|---|---|---|---|
| Central Library (CL) | Central Library (CL) | Reference | 03/25/2019 | 658 | S3HJ-653 | 03/25/2019 | Continuing Resources | |||||||
| Central Library (CL) | Central Library (CL) | Reference | 03/25/2019 | 658 | S3HJ-654 | 03/25/2019 | Continuing Resources | |||||||
| Central Library (CL) | Central Library (CL) | Reference | 03/25/2019 | 658 | S3HJ-656 | 03/25/2019 | Continuing Resources | |||||||
| Central Library (CL) | Central Library (CL) | Reference | 03/25/2019 | 658 | S3HJ-991 | 03/25/2019 | Continuing Resources | |||||||
| Central Library (CL) | Central Library (CL) | Reference | 03/26/2019 | 658 | S3HJ-655 | 03/26/2019 | Continuing Resources | 03/26/2019 | ||||||
| Central Library (CL) | Central Library (CL) | 12/08/2019 | Vol-4, No-2 December 2017 | S-990 | 12/08/2019 | Continuing Resources | 12/08/2019 |
